| 000 | 00916nam a2200217Ia 4500 | ||
|---|---|---|---|
| 003 | Ost | ||
| 005 | 20260507075635.0 | ||
| 008 | 260507s9999||||xx |||||||||||||| ||und|| | ||
| 020 | _a9789957065003 | ||
| 040 | _cfsecg | ||
| 041 | _aara | ||
| 082 | _a650 | ||
| 100 |
_aأبو شيخة، نادر أحمد _eمؤلف |
||
| 245 | 0 |
_aإدارة الوقت / _c نادر أحمد أبو شيخة |
|
| 250 | _aطبعة 2 | ||
| 260 |
_aالأردن: _bدار مجدلاوي, _c2002 |
||
| 300 |
_a261 صفحة؛ _bإيضاحات ؛ _c24 سم |
||
| 520 | _aخصائص الوقت وأهميته في الإدارة- الوقت الرؤية والإفتراضات- تسجيل الوقت وتحليله- تحديد الأهداف والأولويات- تخطيط الوقت- مضيعات الوقت- إدارة الإجتماعات- إدارة ضغوط العمل | ||
| 653 | _aإدارة الوقت | ||
| 942 | _cكتاب | ||
| 999 |
_c45285 _d45285 |
||